000
00326nam a2200145Ia 4500
008
150201s2006 xx 000 0 und d
082
_a
616.07
_b
P06A
100
_a
ARCECI,R
245
_a
PEDIATRICS HEMATOLOGY
250
_a
3RD
260
_b
BLACKWELL
_a
DEHI
_c
2006
300
_a
1-826
650
_a
PATHOLOGY
942
_2
ddc
_c
BK
999
_c
362
_d
362